000 00515nmm a2200193Ia 4500
008 251105s9999||||xx |||||||||||||||||und||
020 _a9788416208326
041 _aspa
100 _aCatton, Eleanor
245 0 _aLas luminarias
264 _a[Madrid, España] :
_bSiruela,
_c2014
300 _a808 páginas
490 _aNuevos tiempos
650 _aOther narratives
700 _aCatton, Eleanor
700 1 _a Montolío, Celia
856 _uhttps://public.digitaliapublishing.com/a/31669
942 _cCF
999 _c63841
_d63841